Capitalism and the American Political Ideal
Uložené v:
| Hlavný autor: | |
|---|---|
| Médium: | Kniha |
| Jazyk: | English |
| Vydavateľské údaje: |
Armonk
M.E. Sharpe, Inc.
1985
|
| Vydanie: | 1. ed. |
| Predmet: | |
| Tagy: |
Žiadne tagy, Buďte prvý, kto otaguje tento záznam!
|
MARC
| LEADER | 00000nam a2200000 4500 | ||
|---|---|---|---|
| 001 | c002425 | ||
| 005 | 20221220081649.1 | ||
| 020 | |a 0-87332-292-4 | ||
| 041 | 0 | |a eng | |
| 044 | |a US | ||
| 245 | 1 | 0 | |a Capitalism and the American Political Ideal |c Edward S. Greenberg |
| 250 | |a 1. ed. | ||
| 264 | 1 | |a Armonk |b M.E. Sharpe, Inc. |c 1985 | |
| 300 | |a 250 s. | ||
| 610 | 2 | 0 | |a kapitalizmus |
| 610 | 2 | 0 | |a USA |
| 610 | 2 | 0 | |a politika |
| 610 | 2 | 0 | |a vláda |
| 610 | 2 | 0 | |a liberalizmus |
| 610 | 2 | 0 | |a koncentrácia |
| 610 | 2 | 0 | |a New Deal |
| 610 | 2 | 0 | |a politika hospodárska |
| 610 | 2 | 0 | |a Reagan, R.W. |
| 610 | 2 | 0 | |a politika sociálna |
| 100 | 1 | |a Greenberg, Edward S. | |